[Event "PNWCC Masters 2020"]
[Site "chess.com INT"]
[Date "2020.05.24"]
[Round "5.40"]
[White "Jiang, Leo"]
[Black "Wofford, Matthew"]
[Result "1/2-1/2"]
[WhiteElo "1592"]
[BlackElo "1995"]
[WhiteFideId "30952140"]
[BlackFideId "2095971"]
[EventDate "2020.05.23"]

1. d4 Nf6 2. c4 e6 3. Nf3 b6 4. g3 d5 5. Nbd2 Be7 6. Bg2 O-O 7. O-O c6 8. Qc2
Nbd7 9. e4 dxe4 10. Nxe4 Bb7 11. Rd1 Qc8 12. Nxf6+ Bxf6 13. Bg5 Qd8 14. Be3 Qe7
15. Rac1 Rfd8 16. Nd2 Rac8 17. Ne4 e5 18. Nxf6+ Nxf6 19. dxe5 Qxe5 20. a3 Qh5
21. h3 Re8 22. Rd4 Rc7 23. c5 Nd5 24. Bxd5 cxd5 25. Rh4 Qg6 26. Qxg6 hxg6 27. b4
b5 28. Rd4 Bc6 29. Rd2 f6 30. Bd4 g5 31. Rc3 Re1+ 32. Kh2 Rce7 33. Re3 R7xe3 34.
fxe3 Kf7 35. Kg2 Ke6 36. Kf2 Rh1 37. Kg2 Rb1 38. Kf2 Rb3 39. Bb2 Be8 40. Ke2 Bg6
41. Kf3 Be4+ 42. Kf2 g6 43. h4 gxh4 44. gxh4 f5 45. Ke2 Kd7 46. Kf2 f4 47. exf4
Rf3+ 48. Kg1 Rxf4 49. Rf2 Rxh4 50. Rh2 Rxh2 51. Kxh2 Ke6 52. Kg3 Kd7 53. Kf4 Kc6
54. Bd4 1/2-1/2

[Event "PNWCC Masters 2020"]
[Site "chess.com INT"]
[Date "2020.05.24"]
[Round "5.42"]
[White "Tu, Lawrence"]
[Black "Li, Jason"]
[Result "0-1"]
[WhiteElo "1554"]
[BlackElo "1843"]
[WhiteFideId "30935407"]
[BlackFideId "30909058"]
[EventDate "2020.05.23"]

1. c4 Nf6 2. Nc3 g6 3. d4 Bg7 4. e4 d6 5. Nf3 O-O 6. Be2 e5 7. d5 a5 8. Be3 Ng4
9. Bg5 f6 10. Bh4 Na6 11. O-O Qe8 12. h3 Nh6 13. Bg3 f5 14. exf5 gxf5 15. Nd2
Bd7 16. f3 Qg6 17. Bf2 f4 18. Kh2 Bf6 19. Nde4 Be7 20. Rg1 Kh8 21. Bd3 Nf5 22.
g4 fxg3+ 23. Nxg3 Qh6 24. Qc2 Nxg3 25. Rxg3 Bh4 26. Rg2 Bxf2 27. Qxf2 Qxh3+ 28.
Kg1 Rxf3 29. Qe2 Rxd3 0-1

[Event "PNWCC Masters 2020"]
[Site "chess.com INT"]
[Date "2020.05.24"]
[Round "5.43"]
[White "Li, David Xinjian"]
[Black "Tay, Brian"]
[Result "0-1"]
[WhiteElo "1672"]
[BlackElo "1898"]
[WhiteFideId "30926319"]
[BlackFideId "30941083"]
[EventDate "2020.05.23"]

1. d4 Nf6 2. Bg5 c6 3. Nf3 d5 4. e3 Bf5 5. Nbd2 Nbd7 6. Nh4 Be6 7. Nhf3 Bf5 8.
Nh4 Bg4 9. Nhf3 e6 10. Bd3 Bd6 11. h3 Bh5 12. c3 Qc7 13. e4 dxe4 14. Nxe4 Nxe4
15. Bxe4 h6 16. Be3 Nf6 17. Bd3 Nd5 18. Bd2 Bxf3 19. Qxf3 Bf4 20. Be3 Nxe3 21.
fxe3 Bg3+ 22. Ke2 O-O-O 23. b4 h5 24. b5 c5 25. b6 axb6 26. a4 c4 27. Be4 Rh6
28. a5 bxa5 29. Rhb1 b6 30. Rb5 Rf6 31. Bf5 Rxf5 32. Rxf5 exf5 33. Qxf5+ Kb8 34.
Rb1 Qb7 35. Kf1 Rd6 36. Qg5 Qe4 37. Ra1 h4 38. Kg1 f6 39. Qxg7 Qxe3+ 40. Kh1 Re6
41. Qf8+ Re8 42. Qxf6 Qe1+ 43. Qf1 Qxf1+ 44. Rxf1 Re1 45. Rxe1 Bxe1 46. d5 a4
47. g3 a3 48. d6 a2 49. d7 Kc7 50. d8=Q+ Kxd8 51. Kh2 Bxg3+ 52. Kg2 a1=Q 53. Kf3
Qf1+ 54. Kg4 Qf4+ 55. Kh5 Qf5+ 56. Kh6 Bf4+ 57. Kg7 Ke7 58. Kg8 Qg6+ 59. Kh8
Be5# 0-1

[Event "PNWCC Masters 2020"]
[Site "chess.com INT"]
[Date "2020.05.24"]
[Round "5.45"]
[White "Feng, Andrew"]
[Black "Vega, Isaac"]
[Result "0-1"]
[WhiteElo "1484"]
[BlackElo "1735"]
[WhiteFideId "30943256"]
[BlackFideId "30914035"]
[EventDate "2020.05.23"]

1. e4 c5 2. Nf3 e6 3. d4 cxd4 4. Nxd4 a6 5. Nc3 Qc7 6. Bd3 Nf6 7. O-O Be7 8. Qe2
d6 9. f4 Nbd7 10. Bd2 b5 11. Rae1 Bb7 12. Kh1 O-O 13. e5 dxe5 14. fxe5 Ne8 15.
Bxh7+ Kxh7 16. Qh5+ Kg8 17. Re3 g6 18. Qh6 Ng7 19. Rh3 Nh5 20. Nxe6 Qxe5 21.
Nxf8 Bxf8 22. Qg5 Qxg5 23. Bxg5 Bg7 24. Rd1 Ne5 25. Ne2 Ng4 26. Kg1 Bxb2 27. Rd7
Be4 28. Rh4 Bf5 29. Rc7 f6 30. Bd2 Rd8 31. Be1 Rd1 32. Kf1 Be5 33. Rc5 Nxh2+ 34.
Kf2 Ng4+ 35. Kf1 Ng3+ 0-1

[Event "PNWCC Masters 2020"]
[Site "chess.com INT"]
[Date "2020.05.24"]
[Round "5.47"]
[White "Ho, Carter"]
[Black "Harish, Neeraj"]
[Result "1/2-1/2"]
[WhiteElo "1415"]
[BlackElo "1472"]
[WhiteFideId "30965292"]
[BlackFideId "30958130"]
[EventDate "2020.05.23"]

1. e4 c5 2. Nf3 Nc6 3. d4 cxd4 4. Nxd4 Nf6 5. Nc3 e5 6. Ndb5 d6 7. Bg5 a6 8. Na3
b5 9. Nd5 Be7 10. Bxf6 Bxf6 11. c3 O-O 12. Nc2 Bg5 13. a4 bxa4 14. Rxa4 Rb8 15.
b4 f5 16. Nde3 Ne7 17. Bc4+ Kh8 18. Bxa6 fxe4 19. Bxc8 Rxc8 20. c4 Bxe3 21. Nxe3
Nf5 22. Nxf5 Rxf5 23. Qd5 e3 24. O-O Qb6 25. Ra8 Rcf8 26. Rxf8+ Rxf8 27. c5 Qxb4
28. fxe3 Rxf1+ 29. Kxf1 Qb1+ 30. Kf2 Qc2+ 31. Kf3 Qf5+ 32. Ke2 Qc2+ 33. Kf1 Qb1+
34. Kf2 Qc2+ 35. Kf1 Qb1+ 1/2-1/2

[Event "PNWCC Masters 2020"]
[Site "chess.com INT"]
[Date "2020.05.24"]
[Round "5.48"]
[White "Jones, Davey"]
[Black "Liu, Erik"]
[Result "0-1"]
[WhiteElo "1593"]
[BlackElo "1615"]
[WhiteFideId "2088053"]
[BlackFideId "30960940"]
[EventDate "2020.05.23"]

1. e4 c5 2. c3 e6 3. d4 cxd4 4. cxd4 d5 5. exd5 exd5 6. h3 h6 7. Bd3 Nc6 8. Nf3
Bd6 9. O-O Nge7 10. Nc3 a6 11. a3 O-O 12. Be3 Bf5 13. Rc1 Bxd3 14. Qxd3 Rc8 15.
Nh4 f5 16. Qd2 f4 17. Qe2 fxe3 18. fxe3 Qe8 19. Qg4 Kh7 20. Qe6 Bg3 21. Nf3 Nf5
22. Qxd5 Qxe3+ 23. Kh1 Bf4 24. Rce1 Ng3+ 0-1

[Event "PNWCC Masters 2020"]
[Site "chess.com INT"]
[Date "2020.05.24"]
[Round "6.1"]
[White "Bernadskiy, Vitaliy"]
[Black "Xiong, Jeffery"]
[Result "1/2-1/2"]
[WhiteTitle "GM"]
[BlackTitle "GM"]
[WhiteElo "2629"]
[BlackElo "2709"]
[WhiteFideId "14100371"]
[BlackFideId "2047640"]
[EventDate "2020.05.23"]

1. e4 g6 2. d4 Bg7 3. Nc3 a6 4. h4 h6 5. a4 d6 6. Be3 Nd7 7. Nf3 Ngf6 8. e5 Ng4
9. Bf4 dxe5 10. dxe5 Ndxe5 11. Qxd8+ Kxd8 12. Nxe5 Bxe5 13. Bxe5 Nxe5 14. O-O-O+
Bd7 15. Be2 f5 16. Bf3 Nxf3 17. gxf3 e6 18. Rhe1 Re8 19. f4 Rc8 20. Rg1 Rg8 21.
Rge1 Re8 22. Rg1 Rg8 23. Rge1 Re8 1/2-1/2

[Event "PNWCC Masters 2020"]
[Site "chess.com INT"]
[Date "2020.05.24"]
[Round "6.3"]
[White "Bosiocic, Marin"]
[Black "Sevian, Samuel"]
[Result "1-0"]
[WhiteTitle "GM"]
[BlackTitle "GM"]
[WhiteElo "2625"]
[BlackElo "2660"]
[WhiteFideId "14507927"]
[BlackFideId "2040506"]
[EventDate "2020.05.23"]

1. d4 d5 2. Bf4 Nf6 3. e3 c5 4. Nc3 e6 5. Nb5 Na6 6. h3 Be7 7. Nf3 O-O 8. c3 Bd7
9. a4 Qb6 10. Be2 Bxb5 11. axb5 Nc7 12. Qa4 c4 13. Bxc7 Qxc7 14. Nd2 e5 15. O-O
exd4 16. exd4 Qf4 17. Rfd1 Bd6 18. Nf1 Ne4 19. Bf3 Ng5 20. Bxd5 Qf5 21. Qxc4
Rac8 22. Qb3 Qg6 23. c4 Kh8 24. Rxa7 f5 25. Rxb7 f4 26. Qd3 Qh5 27. Bf3 Nxf3+
28. Qxf3 Qxf3 29. gxf3 Rxc4 30. b3 Rb4 31. Rd3 Rb8 32. Rxb8+ Bxb8 33. Rc3 1-0

[Event "PNWCC Masters 2020"]
[Site "chess.com INT"]
[Date "2020.05.24"]
[Round "6.4"]
[White "Wang, Jason"]
[Black "Guseinov, Gadir"]
[Result "0-1"]
[WhiteTitle "FM"]
[BlackTitle "GM"]
[WhiteElo "2312"]
[BlackElo "2665"]
[WhiteFideId "30908124"]
[BlackFideId "13401378"]
[EventDate "2020.05.23"]

1. d4 Nf6 2. c4 g6 3. Nc3 Bg7 4. e4 d6 5. Nf3 O-O 6. h3 e5 7. d5 Nh5 8. g3 Na6
9. Be3 f5 10. exf5 gxf5 11. Nh4 Nf6 12. Qd2 Nc5 13. Qc2 Kh8 14. O-O-O e4 15. Ng2
a5 16. Be2 a4 17. Nf4 Qe7 18. g4 a3 19. b4 Na6 20. g5 Nd7 21. Qb3 c5 22. dxc6
bxc6 23. Qxa3 Qe5 24. Bd2 Nb6 25. Nh5 Nc5 26. Qb2 Nca4 27. Nxa4 Nxa4 28. Qxe5
Bxe5 29. Kc2 f4 30. Kb3 Be6 31. Bg4 Rfb8 32. Kc2 Nc5 33. Bc3 Rxa2+ 34. Kb1 Rxb4+
35. Kxa2 Bxc4+ 36. Ka3 Bxc3 0-1

[Event "PNWCC Masters 2020"]
[Site "chess.com INT"]
[Date "2020.05.24"]
[Round "6.5"]
[White "Melkumyan, Hrant"]
[Black "Hevia Alejano, Carlos Antonio"]
[Result "1-0"]
[WhiteTitle "GM"]
[BlackTitle "GM"]
[WhiteElo "2663"]
[BlackElo "2467"]
[WhiteFideId "13302485"]
[BlackFideId "3508811"]
[EventDate "2020.05.23"]

1. d4 e6 2. e4 d5 3. Nc3 Bb4 4. e5 c5 5. a3 Bxc3+ 6. bxc3 Ne7 7. Qg4 O-O 8. Bd3
Nbc6 9. Nf3 f5 10. exf6 Rxf6 11. Qh5 h6 12. O-O c4 13. Be2 Bd7 14. Ne5 Nxe5 15.
dxe5 Rf5 16. Qg4 Kh7 17. Qg3 Ba4 18. Ra2 Rf8 19. f4 Rc8 20. Qh3 d4 21. Bxc4 Rxc4
22. Qd3+ Nf5 23. Qxc4 Bc6 24. Rb2 Nh4 25. cxd4 Bxg2 26. Qd3+ Kh8 27. Rf2 Bc6 28.
c4 b5 29. cxb5 Ba8 30. d5 Bxd5 31. h3 Qe7 32. Rbc2 Rd8 33. Kh2 Ba8 34. Qe2 Qf7
35. Rc3 Nf5 36. a4 Qb7 37. Rf1 Kh7 38. Rg1 Rd4 39. Qc2 Qd5 40. Rc7 Rd3 41. Qg2
Qxg2+ 42. Rxg2 Bxg2 43. Kxg2 Rd1 44. Kf2 Kg6 45. Be3 Ra1 46. Bxa7 Ra2+ 47. Ke1
Nh4 48. b6 Nf3+ 49. Kd1 1-0

[Event "PNWCC Masters 2020"]
[Site "chess.com INT"]
[Date "2020.05.24"]
[Round "6.6"]
[White "Fedoseev, Vladimir3"]
[Black "Tanenbaum, Zachary"]
[Result "1-0"]
[WhiteTitle "GM"]
[WhiteElo "2678"]
[BlackElo "2137"]
[WhiteFideId "24130737"]
[BlackFideId "2060850"]
[EventDate "2020.05.23"]

1. e4 e5 2. Nf3 Nc6 3. Bb5 a6 4. Ba4 d6 5. Nc3 Nf6 6. Bxc6+ bxc6 7. d4 exd4 8.
Nxd4 c5 9. Nc6 Qd7 10. Na5 Be7 11. O-O O-O 12. Re1 Rb8 13. b3 Re8 14. h3 Bb7 15.
Qd3 Qc8 16. Bf4 Nd7 17. Nxb7 Qxb7 18. Nd5 Bd8 19. Rad1 Nf6 20. Nc3 Be7 21. e5
dxe5 22. Bxe5 Qc6 23. Qg3 Bd6 24. Nd5 Rxe5 25. Nxf6+ Kh8 26. Rxe5 gxf6 27. Rxd6
Qxd6 28. Rf5 Qxg3 29. fxg3 c4 30. Rxf6 cxb3 31. cxb3 a5 32. Rxf7 Rb7 33. g4 Kg8
34. Rd7 Ra7 35. Kf2 a4 36. b4 a3 37. Ke3 Rb7 38. Rd4 Kf7 39. Kd3 c5 40. bxc5 Rb2
41. c6 Rxa2 42. c7 1-0

[Event "PNWCC Masters 2020"]
[Site "chess.com INT"]
[Date "2020.05.24"]
[Round "6.7"]
[White "Morefield, Jason"]
[Black "Chigaev, Maksim"]
[Result "0-1"]
[WhiteTitle "FM"]
[BlackTitle "GM"]
[WhiteElo "2227"]
[BlackElo "2588"]
[WhiteFideId "30920825"]
[BlackFideId "4108116"]
[EventDate "2020.05.23"]

1. d4 Nf6 2. c4 g6 3. Nc3 d5 4. Nf3 Bg7 5. Qb3 dxc4 6. Qxc4 O-O 7. e4 Bg4 8. Be2
Nfd7 9. Be3 Nb6 10. Qc5 Nc6 11. O-O-O a6 12. Ne5 Bxe2 13. Nxc6 bxc6 14. Nxe2 Qd6
15. Kb1 Rab8 16. b3 Qe6 17. f3 a5 18. Nf4 Qd6 19. Rc1 a4 20. Qxd6 cxd6 21. Rxc6
axb3 22. axb3 Nc4 23. Rxc4 Rxb3+ 24. Kc2 Rxe3 25. Nd5 Re2+ 26. Kd3 Rxg2 27.
Nxe7+ Kh8 28. Rc6 Ra8 29. Rc8+ Rxc8 30. Nxc8 Bf8 31. Nb6 Bh6 32. h4 Rf2 33. Rh3
Kg7 34. Nd5 Bc1 35. e5 Rd2+ 36. Kc4 dxe5 37. dxe5 Re2 38. f4 Bxf4 39. Kd3 Rd2+
40. Ke4 Bh6 41. h5 Re2+ 42. Kd4 Bc1 43. hxg6 hxg6 44. Nc3 Bb2 45. Kd5 Re1 46.
Rd3 Ra1 47. Nb5 Re1 48. Nc3 Ba1 49. Ne4 Bxe5 50. Kxe5 f5 51. Rd7+ Kh6 52. Kf6
Rxe4 53. Rd1 Kh5 54. Rg1 Ra4 55. Rg5+ Kh4 56. Rxg6 f4 57. Rh6+ Kg3 58. Rg6+ Kf2
59. Ke5 f3 60. Kf5 Kf1 61. Rg7 f2 62. Rg8 Ke2 63. Re8+ Kd3 0-1

[Event "PNWCC Masters 2020"]
[Site "chess.com INT"]
[Date "2020.05.24"]
[Round "6.8"]
[White "Easton, Jack"]
[Black "Tang, Andrew"]
[Result "1/2-1/2"]
[BlackTitle "GM"]
[WhiteElo "2175"]
[BlackElo "2538"]
[WhiteFideId "30900069"]
[BlackFideId "2059630"]
[EventDate "2020.05.23"]

1. d4 d5 2. c4 e6 3. Nc3 Be7 4. cxd5 exd5 5. Bf4 c6 6. e3 Bf5 7. Bd3 Bxd3 8.
Qxd3 Nf6 9. Nf3 O-O 10. O-O Re8 11. h3 Bd6 12. Bxd6 Qxd6 13. Ne5 Nbd7 14. Nxd7
Nxd7 15. b4 Re6 16. Rab1 a6 17. a4 Nb6 18. a5 Nc4 19. e4 Rg6 20. e5 Qe7 21. f4
Qh4 22. Ne2 f6 23. Rf3 Rf8 24. Rbf1 fxe5 25. fxe5 Rxf3 26. Qxf3 h6 27. Qf7+ Kh7
28. Nf4 Rg5 29. Ne6 Rxg2+ 30. Kxg2 Ne3+ 31. Kh2 Ng4+ 1/2-1/2

[Event "PNWCC Masters 2020"]
[Site "chess.com INT"]
[Date "2020.05.24"]
[Round "6.9"]
[White "Shabalov, Alexander"]
[Black "Ghazarian, Kirk"]
[Result "0-1"]
[WhiteTitle "GM"]
[WhiteElo "2528"]
[BlackElo "2181"]
[WhiteFideId "2008572"]
[BlackFideId "30908604"]
[EventDate "2020.05.23"]

1. c4 c6 2. d4 d5 3. Nc3 Nf6 4. Nf3 e6 5. e3 Nbd7 6. Bd3 dxc4 7. Bxc4 b5 8. Bd3
Bd6 9. O-O O-O 10. a3 Bb7 11. b4 a5 12. Rb1 axb4 13. axb4 Nd5 14. Ne4 Bxb4 15.
Neg5 h6 16. e4 Nc3 17. Qb3 Nxb1 18. Qxb4 hxg5 19. Bxb1 g4 20. Ng5 e5 21. h3 Ra4
22. Qb3 Rc4 23. Qe3 exd4 24. Qf4 Qf6 25. Qxg4 Ne5 26. Qh4 Qh6 27. Qg3 Rxc1 28.
Rxc1 f6 29. f4 fxg5 30. fxe5 g4 31. Ba2+ Kh7 32. Rd1 Qe3+ 33. Qxe3 dxe3 34. e6
g3 35. Re1 Bc8 36. Rxe3 Re8 37. e5 Bxe6 38. Bb1+ Kg8 39. Rxg3 c5 40. Kf2 b4 41.
Ke3 c4 42. Kd4 c3 43. Kc5 Rc8+ 44. Kxb4 c2 45. Bxc2 Rxc2 46. Rg5 Kf7 47. h4 Rc4+ 0-1

[Event "PNWCC Masters 2020"]
[Site "chess.com INT"]
[Date "2020.05.24"]
[Round "6.10"]
[White "Lintchevski, Daniil"]
[Black "Hu, Merric"]
[Result "1-0"]
[WhiteTitle "GM"]
[WhiteElo "2559"]
[BlackElo "2080"]
[WhiteFideId "4171055"]
[BlackFideId "30906660"]
[EventDate "2020.05.23"]

1. e4 c5 2. Nf3 Nc6 3. d4 cxd4 4. Nxd4 g6 5. c4 Nf6 6. Nc3 d6 7. f3 Nxd4 8. Qxd4
Bg7 9. Be3 O-O 10. Qd2 Qa5 11. Rc1 Bd7 12. Be2 Rfc8 13. O-O Be6 14. b3 a6 15.
Na4 Qxd2 16. Bxd2 Nd7 17. Be3 f5 18. exf5 gxf5 19. f4 Rab8 20. Ba7 Ra8 21. Be3
Rab8 22. Nb6 Nxb6 23. Bxb6 Bd7 24. Rfe1 Kf7 25. Kf1 Bc6 26. Bd3 e6 27. Re3 Bd7
28. Rh3 Rc6 29. Ba7 Ra8 30. Bf2 h6 31. Rd1 Rcc8 32. Be2 Bf8 33. Bh5+ Ke7 34.
Bh4# 1-0

[Event "PNWCC Masters 2020"]
[Site "chess.com INT"]
[Date "2020.05.24"]
[Round "6.11"]
[White "Tran, Tuan Minh"]
[Black "Zong, Davis"]
[Result "0-1"]
[WhiteTitle "GM"]
[WhiteElo "2518"]
[BlackElo "2129"]
[WhiteFideId "12401820"]
[BlackFideId "30903955"]
[EventDate "2020.05.23"]

1. d4 d5 2. c4 c6 3. Nf3 Nf6 4. e3 e6 5. Nbd2 Nbd7 6. Bd3 Be7 7. Qc2 O-O 8. O-O
b6 9. b3 Bb7 10. Bb2 Rc8 11. Rad1 c5 12. dxc5 Bxc5 13. Qb1 dxc4 14. Nxc4 Qe7 15.
e4 h6 16. e5 Nd5 17. Bh7+ Kh8 18. Be4 b5 19. Nd6 Bxd6 20. exd6 Qxd6 21. Qd3 a6
22. Qd4 N7f6 23. Ne5 Qc5 24. Bb1 Qxd4 25. Rxd4 Nc3 26. Rd2 Kg8 27. f3 Nfd5 28.
Re1 Rc7 29. Be4 0-1

[Event "PNWCC Masters 2020"]
[Site "chess.com INT"]
[Date "2020.05.24"]
[Round "6.12"]
[White "Green, Austen"]
[Black "Tarjan, James"]
[Result "0-1"]
[BlackTitle "GM"]
[WhiteElo "2126"]
[BlackElo "2381"]
[WhiteFideId "2017865"]
[BlackFideId "2000180"]
[EventDate "2020.05.23"]

1. e4 c6 2. d4 d5 3. e5 Bf5 4. h4 Qb6 5. h5 h6 6. g4 Bd7 7. c4 e6 8. Nc3 c5 9.
Be3 Qxb2 10. Nb5 cxd4 11. Qxd4 Bb4+ 12. Kd1 Qxd4+ 13. Bxd4 Bxb5 14. cxb5 Nd7 15.
Rc1 Ba5 16. f4 Ne7 17. Ne2 O-O 18. Bb2 Rac8 19. Ba3 Rxc1+ 20. Nxc1 Re8 21. Nb3
Bb6 22. Rh3 f6 23. exf6 Nxf6 24. Nc5 Nxg4 25. Rg3 Nf5 0-1

[Event "PNWCC Masters 2020"]
[Site "chess.com INT"]
[Date "2020.05.24"]
[Round "6.13"]
[White "Kavutskiy, Konstantin"]
[Black "Zhao, Erick"]
[Result "0-1"]
[WhiteTitle "IM"]
[BlackTitle "CM"]
[WhiteElo "2391"]
[BlackElo "2039"]
[WhiteFideId "2026384"]
[BlackFideId "30946930"]
[EventDate "2020.05.23"]

1. d4 Nf6 2. c4 g6 3. Nc3 d5 4. cxd5 Nxd5 5. e4 Nxc3 6. bxc3 Bg7 7. Nf3 c5 8.
Be3 Qa5 9. Qd2 Nc6 10. Rc1 O-O 11. d5 Rd8 12. Be2 f5 13. h4 fxe4 14. Ng5 Ne5 15.
h5 Bf5 16. hxg6 hxg6 17. g4 Nxg4 18. Bxg4 Bxg4 19. Nxe4 c4 20. Bh6 Qxd5 21.
Qxd5+ Rxd5 22. Bxg7 Kxg7 23. Rg1 Bf3 24. Nd2 Re5+ 25. Kf1 Be2+ 26. Ke1 Bg4+ 0-1

[Event "PNWCC Masters 2020"]
[Site "chess.com INT"]
[Date "2020.05.24"]
[Round "6.14"]
[White "Eidelman, Gabriel"]
[Black "He, Anthony"]
[Result "0-1"]
[BlackTitle "FM"]
[WhiteElo "1988"]
[BlackElo "2337"]
[WhiteFideId "30910544"]
[BlackFideId "2088215"]
[EventDate "2020.05.23"]

1. e4 c5 2. Nf3 e6 3. Nc3 Nc6 4. d4 cxd4 5. Nxd4 Qc7 6. g3 a6 7. Bg2 Nf6 8. O-O
h5 9. Re1 Nxd4 10. Qxd4 Bc5 11. Bf4 d6 12. Qd2 Ng4 13. Re2 Qd7 14. h3 Ne5 15. b3
b5 16. Rd1 Qc7 17. Be3 Bb7 18. Bxc5 dxc5 19. Nd5 Qd8 20. Qc3 f6 21. f4 Nd7 22.
Ne3 Qc7 23. Red2 O-O-O 24. Rd6 Rhe8 25. Qd2 Nb8 26. c3 Rxd6 27. Qxd6 Qxd6 28.
Rxd6 Kc7 29. Rd2 Nc6 30. Bf3 Rh8 31. f5 Ne5 32. Bg2 Re8 33. fxe6 Rxe6 34. Nd5+
Bxd5 35. exd5 Rd6 36. Kf2 Rd8 37. Ke3 Kd6 38. Kf4 g6 39. g4 hxg4 40. hxg4 Rh8
41. Be4 Rh4 42. Rg2 a5 43. c4 b4 44. Bf3 a4 45. Be2 axb3 46. axb3 Rh3 47. Rg3
g5+ 0-1

[Event "PNWCC Masters 2020"]
[Site "chess.com INT"]
[Date "2020.05.24"]
[Round "6.15"]
[White "Beatrez, Patrick"]
[Black "Daggupati, Balaji"]
[Result "1/2-1/2"]
[BlackTitle "FM"]
[WhiteElo "1879"]
[BlackElo "2331"]
[WhiteFideId "30937167"]
[BlackFideId "2090759"]
[EventDate "2020.05.23"]

1. e4 c5 2. Nf3 e6 3. b4 cxb4 4. d4 d5 5. e5 Ne7 6. a3 Nec6 7. axb4 Bxb4+ 8. c3
Be7 9. Bd3 O-O 10. h4 f6 11. Bxh7+ Kxh7 12. Ng5+ Kg8 13. Qh5 fxg5 14. hxg5 Rf5
15. f4 Qf8 16. g4 Bd7 17. Be3 Bd8 18. gxf5 Qxf5 19. Nd2 Ba5 20. Ke2 Ne7 21. Rxa5
Ng6 22. Ra2 Nc6 23. Qh7+ Kf7 24. Qh3 Nce7 25. Qxf5+ Nxf5 26. Kf2 a5 27. Rb2 Bc6
28. Nb3 a4 29. Nc5 a3 30. Rb6 a2 31. Ra1 Rh8 32. Nxb7 Rh2+ 33. Kg1 Rc2 34. Rxc6
Nxe3 35. Nd6+ Kg8 36. Ra6 Rg2+ 37. Kh1 Nxf4 38. R1xa2 Ne2 39. Rxe2 Rxe2 40. g6
Rf2 41. Nb5 Rf8 42. Rxe6 Rc8 43. Nd6 Rf8 44. Nf7 Ra8 45. Kh2 Kf8 46. Ng5 Rc8 47.
Kg3 Nd1 48. Rd6 Nxc3 49. Rd7 Ne2+ 50. Kf2 Nxd4 51. Rxd5 Nf5 52. Rd7 Rc2+ 53. Kf3
Nh4+ 54. Kg4 Nxg6 55. Ne6+ Ke8 56. Rxg7 Nxe5+ 57. Kf5 Nd7 58. Nf4 Rf2 59. Ke4
Nf6+ 60. Ke3 Ra2 61. Rb7 Ra4 62. Nd3 Ra3 63. Kd4 Nd7 64. Rb1 Ke7 65. Rb7 Kd6 66.
Rb1 Ra4+ 67. Rb4 Ra1 68. Rb2 Rh1 69. Rg2 Rh4+ 70. Kc3 Nf6 71. Nb4 Ne4+ 72. Kb2
Nc5 73. Rd2+ Kc7 74. Nd5+ Kc6 75. Nc3 Rb4+ 76. Kc2 Rc4 77. Kb2 Nb7 78. Kb3 Rh4
79. Rf2 Nd6 80. Rf6 Kc5 81. Na4+ Kd5 82. Nc3+ Ke5 83. Rf2 Rh3 84. Kc2 Nc4 85.
Re2+ Kd4 86. Re4+ Kc5 87. Rf4 Rh2+ 88. Kc1 Ne3 89. Kb1 Rg2 90. Re4 Nc4 91. Kc1
Kb4 92. Nd1 Kb3 93. Rxc4 Kxc4 94. Ne3+ Kd3 95. Nxg2 1/2-1/2

[Event "PNWCC Masters 2020"]
[Site "chess.com INT"]
[Date "2020.05.24"]
[Round "6.16"]
[White "Kumar, Nikhil"]
[Black "Nguyen, Thanh Thuy Tien"]
[Result "1-0"]
[WhiteTitle "FM"]
[BlackTitle "WIM"]
[WhiteElo "2328"]
[BlackElo "1971"]
[WhiteFideId "30909040"]
[BlackFideId "12400998"]
[EventDate "2020.05.23"]

1. c4 Nf6 2. Nf3 g6 3. Nc3 d5 4. cxd5 Nxd5 5. g3 Bg7 6. Bg2 O-O 7. O-O Nxc3 8.
bxc3 c5 9. e4 c4 10. Qe2 Qc7 11. Ba3 b5 12. e5 Bb7 13. Rfe1 Nc6 14. Rad1 Rfd8
15. Qe3 Rac8 16. Qf4 a5 17. Ng5 Rf8 18. Rb1 h6 19. Nf3 Ba6 20. h4 Rb8 21. Bc5
Nd8 22. Qe3 Ne6 23. Ba3 Rfd8 24. Bf1 Rb7 25. h5 g5 26. d4 g4 27. Nh4 b4 28. Bb2
Ng5 29. Rbd1 b3 30. a3 Qc8 31. Qf4 Rc7 32. Bg2 Bb7 33. Bxb7 Qxb7 34. Qxg4 Qc8
35. Nf5 Kh7 36. f4 Ne6 37. d5 Rg8 38. dxe6 Qxe6 39. Ne3 Qxg4 40. Nxg4 Bh8 41.
Ne3 Rxg3+ 42. Kf2 1-0

[Event "PNWCC Masters 2020"]
[Site "chess.com INT"]
[Date "2020.05.24"]
[Round "6.17"]
[White "Kumar, Naman"]
[Black "Chasin, Nico"]
[Result "0-1"]
[BlackTitle "FM"]
[WhiteElo "2115"]
[BlackElo "2303"]
[WhiteFideId "30908922"]
[BlackFideId "30908477"]
[EventDate "2020.05.23"]

1. e4 c5 2. Nf3 e6 3. d4 cxd4 4. Nxd4 Nc6 5. c4 Nxd4 6. Qxd4 Ne7 7. Nc3 Nc6 8.
Qd1 Bc5 9. Be2 O-O 10. O-O d6 11. Bf4 e5 12. Be3 Nd4 13. a3 Be6 14. Nd5 Bxd5 15.
cxd5 Rc8 16. Rc1 Bb6 17. Qd3 Qd7 18. Rxc8 Rxc8 19. Rc1 Rxc1+ 20. Bxc1 Qc7 21.
Be3 Nxe2+ 22. Qxe2 Bd4 23. Bxd4 exd4 24. g3 h6 25. Kg2 Qc5 26. Qd3 b5 27. f4 Qc4
28. Qd2 h5 29. h3 a5 30. Kf2 b4 31. axb4 axb4 32. Qd1 b3 33. Kf3 Kf8 34. f5 f6
35. h4 Kg8 36. Kf4 Qc2 37. Qxd4 Qe2 38. g4 Qxg4+ 39. Ke3 Qxh4 40. Qd1 Qh2 41.
Qa1 Qg3+ 42. Ke2 h4 43. Qa4 Kh7 44. Qe8 Qg4+ 45. Kf2 h3 46. Qg6+ Qxg6 47. fxg6+
Kxg6 48. Kg3 Kg5 49. Kxh3 Kf4 0-1

[Event "PNWCC Masters 2020"]
[Site "chess.com INT"]
[Date "2020.05.24"]
[Round "6.18"]
[White "Wen, Tommy"]
[Black "Estrada Nieto, Julian"]
[Result "1/2-1/2"]
[BlackTitle "IM"]
[WhiteElo "2014"]
[BlackElo "2280"]
[WhiteFideId "30952255"]
[BlackFideId "5101018"]
[EventDate "2020.05.23"]

1. e4 e5 2. Nf3 Nc6 3. Bb5 a6 4. Ba4 Nf6 5. O-O Be7 6. Re1 b5 7. Bb3 d6 8. c3
O-O 9. h3 Nb8 10. d4 Nbd7 11. Nbd2 Bb7 12. Bc2 Re8 13. Nf1 Bf8 14. Ng3 g6 15. b3
Bg7 16. d5 Rc8 17. Bg5 c6 18. c4 cxd5 19. cxd5 Qc7 20. Rc1 Qa5 21. Bb1 Rxc1 22.
Qxc1 Rc8 23. Bd2 b4 24. Qd1 Qb6 25. Qe2 a5 26. Bd3 Nc5 27. Bc4 Ba6 28. Rc1 Bxc4
29. Rxc4 Qb8 30. Be3 Nfd7 31. Qc2 Nb6 32. Nd2 Nxc4 33. Nxc4 Qc7 34. Bd2 Ra8 35.
Ne2 Bf6 36. Be3 Nd7 37. Qd2 Qb8 38. Nc1 Be7 39. Nd3 Nf6 40. f3 Nd7 41. f4 exf4
42. Bxf4 Nf6 43. e5 Nxd5 44. exd6 Nxf4 45. Qxf4 Bf8 46. Nde5 Qa7+ 1/2-1/2